बुद्धकालीन राजग्रह / (Record no. 120231)

MARC details
000 -LEADER
fixed length control field 01187nam a22002657a 4500
005 - DATE AND TIME OF LATEST TRANSACTION
control field 20170124103155.0
010 ## - LIBRARY OF CONGRESS CONTROL NUMBER
LC control number A-755752
020 ## - INTERNATIONAL STANDARD BOOK NUMBER
Terms of availability 125.00
035 ## - SYSTEM CONTROL NUMBER
System control number A-755752
037 ## - SOURCE OF ACQUISITION
Source of stock number/acquisition Cen Lib/Ret
040 ## - CATALOGING SOURCE
Original cataloging agency DPL
Language of cataloging HN
082 ## - DEWEY DECIMAL CLASSIFICATION NUMBER
Classification number 894.2
Item number सार्त्रज्यां
100 ## - MAIN ENTRY--PERSONAL NAME
Personal name सार्त्र, ज्यां पॉल
9 (RLIN) 80571
245 ## - TITLE STATEMENT
Title बुद्धकालीन राजग्रह /
Statement of responsibility, etc ज्यां पॉल सार्त्र;अनुवादक विजय अहलुवालिया
246 ## - VARYING FORM OF TITLE
Title proper/short title Nekrasov /
Remainder of title by Jayan Paul Sartr;anuvadak Vijay Ahluwalia
260 ## - PUBLICATION, DISTRIBUTION, ETC. (IMPRINT)
Place of publication, distribution, etc दिल्ली
Name of publisher, distributor, etc विधार्थी प्रकाशन
Date of publication, distribution, etc 1996
270 ## - ADDRESS
Address के-71, कृष्णनगर
City दिल्ली
Postal code 110051
300 ## - PHYSICAL DESCRIPTION
Extent 164पृ.
Dimensions 21सेमी(सजिल्द)
650 ## - SUBJECT ADDED ENTRY--TOPICAL TERM
Topical term or geographic name as entry element साहित्य--नाटक
9 (RLIN) 147
650 ## - SUBJECT ADDED ENTRY--TOPICAL TERM
Topical term or geographic name as entry element हिंदी नाटक
9 (RLIN) 89264
650 ## - SUBJECT ADDED ENTRY--TOPICAL TERM
Topical term or geographic name as entry element Literature--Drama
9 (RLIN) 89265
650 ## - SUBJECT ADDED ENTRY--TOPICAL TERM
Topical term or geographic name as entry element Hindi drama
9 (RLIN) 89266
700 ## - ADDED ENTRY--PERSONAL NAME
Personal name अहलुवालिया, विजय
9 (RLIN) 44829
942 ## - ADDED ENTRY ELEMENTS (KOHA)
Source of classification or shelving scheme Dewey Decimal Classification
Koha item type Hindi Books
Classification part 894.2
Call number suffix सार्त्रज्यां
Holdings
Withdrawn status Lost status Damaged status Not for loan Home library Current library Date acquired Source of acquisition Cost, normal purchase price Total Checkouts Full call number Barcode Date last seen Copy number Cost, replacement price Price effective from Koha item type
        Central Library Central Library 21/09/2015 Cen Lib/Ret 125.00   894.2 सार्त्रज्यां A-755752 21/09/2015 1 125.00 21/09/2015 Hindi Books

© Delhi Public Library
Hit Counter
free hit counter